LEADER 01025nam0-22003731i-450- 001 990003147600403321 010 $a678-00577-X 035 $a000314760 035 $aFED01000314760 035 $a(Aleph)000314760FED01 035 $a000314760 100 $a20000920d1969----km-y0itay50------ba 101 0 $aeng 102 $aIT 200 1 $aOn Wages and Combination$e[1834]$fRobert Torrens. 205 $areprinted. 210 $aNew York$cAugustus M. Kelley$d1969. 215 $aXI, 133 p.$d21 cm 225 1 $aReprints of economic classics 300 $a[pub. orig., London : Longman, Ress, Orme, Brown, Green & Longman, 1834] 610 0 $aSalari 610 0 $aSindacati 676 $aD/3.25 676 $aK/3.10 676 $aK/3.21 702 1$aTorrens,$bRobert$f<1780-1864> 801 0$aIT$bUNINA$gRICA$2UNIMARC 901 $aBK 912 $a990003147600403321 952 $aD/3.25 TOR/69$b6213$fSES 959 $aSES 996 $aOn Wages and Combination$9456088 997 $aUNINA DB $aING01 LEADER 08072nam 22007095 450 001 9910349535003321 005 20240313120822.0 010 $a9783030198039 010 $a3030198030 024 7 $a10.1007/978-3-030-19803-9 035 $a(CKB)4100000009040424 035 $a(MiAaPQ)EBC5851284 035 $a(DE-He213)978-3-030-19803-9 035 $a(Perlego)3494831 035 $a(EXLCZ)994100000009040424 100 $a20190813d2019 u| 0 101 0 $aeng 135 $aurcnu|||||||| 181 $ctxt$2rdacontent 182 $cc$2rdamedia 183 $acr$2rdacarrier 200 10$aInequality, Output-Inflation Trade-Off and Economic Policy Uncertainty $eEvidence From South Africa /$fby Eliphas Ndou, Thabo Mokoena 205 $a1st ed. 2019. 210 1$aCham :$cSpringer International Publishing :$cImprint: Palgrave Macmillan,$d2019. 215 $a1 online resource (518 pages) 311 0 $a9783030198022 311 0 $a3030198022 320 $aIncludes bibliographical references. 327 $a1. Introduction -- Part 1: Income inequality and GDP Growth and inflation regime -- 2. Income inequality and GDP growth nexus in South Africa: Does the 4.5 percent consumer price inflation threshold and other channels play a role? -- 3. Does the inflation rate below 4.5 percent matter for the distributional effects of positive inflation shocks on income inequality in South Africa? -- Part 2: Inequality and monetary policy -- 4. Does income inequality channel impact the transmission of monetary policy shocks to economic activity? -- 5. Do monetary policy shocks influence income inequality dynamics in South Africa? -- 6. Does trade openness impact the link between monetary policy and both income inequality and consumption inequality? -- 7. Does financial globalisation impact the link between monetary policy and income inequality? -- Part 3: Role of monetary channel in transmitting shocks to income inequality -- 8. Does monetary policy impact theeffects of shares of manufacturing employment shocks on income inequality? -- 9. Is there a role for the monetary policy channel in transmitting positive shocks to the services sector employment shares to income inequality? -- Part 4: Consumption inequality -- 10. Does the consumption inequality channel impact the transmission of positive income inequality shocks to credit dynamics in South Africa? Insights before 2009Q1 -- 11. Does price stability impact the link between income inequality and consumption inequality? -- Part 5: Macroprudential policy and income inequality -- 12. Do positive excess capital adequacy ratio shocks influence the income inequality dynamics in South Africa? -- 13. Does a loose loan to value ratio shock have any distributive effects via the inequality channel? -- 14. Is the National Credit Act a driver of growth of income inequality? -- 15. Can an unexpected loosening in labour market reforms reduce growth of income inequality in South Africa? -- Part 6: Bank concentration and income inequality and other channels -- 16. Do positive bank concentration shocks impact economic growth in South Africa? -- 17. Does the increase in banking concentration impact income inequality in South Africa? -- 18. Do positive bank concentration shocks impact on employment in South Africa? -- Part 7: Output-inflation trade-off and role of inflation regimes -- 19. Is there evidence of the trade offs in output and inflation volatilities in South Africa? -- 20. To what extent does output-inflation trade-off exist in South Africa and is it impacted by the six percent inflation threshold? -- 21. Do inflation regimes affect the transmission of nominal demand shocks to the consumer price level? -- 22. Do positive nominal volatility shocks reduce output-inflation trade off and is there a role for inflation regimes? -- Part 8: Output growth persistence and inflation -- 23. Does the persistence of output growth depend on the inflation regimes? -- 24. Do the effects of expansionary monetary policy shocks on output persistence depend on the inflation regimes? -- 25. Output and policy ineffectiveness proposition: A perspective from single regression equations -- Part 9: Uncertainty, expansionary monetary and fiscal policy multipliers -- 26. Does the economic policy uncertainty channel impact the influence of expansionary monetary policy changes on output dynamics? -- 27. How does inflation impact the effects of expansionary monetary and fiscal policies on real GDP growth? -- 28. The time-varying pass-through of the lending rate responses to the repo rate changes and loan intermediation mark-up -- 29. Do economic policy uncertainty shocks impact bank lending rate margins? -- 30. Does economic policy uncertainty impact the pass-through of the repo rate to bank lending rates? -- Part 10: Economic policy uncertainty and the Lending, Credit and cash holding channels -- 31. Are credit growth reactions to expansionary monetary policy shocks weakened by heightened economic policy uncertainty? -- 32. Do companies' cash holdings impact the transmission of economic policy uncertainty shocks to capital formation? -- 33. Does an increase in the value of companies' cash holdings impact the transmission of expansionary monetary policy shocks? Counterfactual policy analysis -- 34. Does an unexpected reduction in economic policy uncertainty impact inflation expectations?. 330 $aThis book focuses on income inequality, output-inflation trade-off and economic policy uncertainty in South Africa. Tight monetary and macroprudential policies raise income inequality. Income inequality transmits monetary policy and macroprudential policy shocks to real economic activity. Economic policy uncertainty influences the dynamics in the lending rate margins, inflation expectations, credit, pass-through of the repo rate to bank lending rates and companies' cash holdings. The trade-off between output and inflation and output growth persistence vary with inflation regimes. Stimulatory demand policy shocks are less effective in high inflation regime. High income inequality raises consumption inequality, which raises demand for credit, but price stability matters in this link. Increased bank concentration raises income inequality, lowers economic growth and employment rate. Elevated economic policy uncertainty lowers output growth, lowers capital formation, reduces credit and raises companies' cash holdings. Increased companies' cash holdings reduce capital formation and impact the transmission of expansionary monetary policy shocks to real economic activity. This book shows there is an inflation level within the target band below it which lowers income inequality, while raising GDP growth and employment. Thus price stability, economic policy uncertainty and income inequality matter for the efficient transmission of policy shocks. 606 $aAfrica$xEconomic conditions 606 $aMacroeconomics 606 $aInternational economic relations 606 $aInternational finance 606 $aFinance, Public 606 $aEconomic policy 606 $aAfrican Economics 606 $aMacroeconomics and Monetary Economics 606 $aInternational Economics 606 $aInternational Finance 606 $aPublic Finance 606 $aEconomic Policy 615 0$aAfrica$xEconomic conditions. 615 0$aMacroeconomics. 615 0$aInternational economic relations. 615 0$aInternational finance. 615 0$aFinance, Public. 615 0$aEconomic policy. 615 14$aAfrican Economics. 615 24$aMacroeconomics and Monetary Economics. 615 24$aInternational Economics. 615 24$aInternational Finance. 615 24$aPublic Finance. 615 24$aEconomic Policy. 676 $a330.96806 676 $a338.968 700 $aNdou$b Eliphas$0868702 702 $aMokoena$b Thabo 906 $aBOOK 912 $a9910349535003321 996 $aInequality, output-inflation trade-off and economic policy uncertainty$92185840 997 $aUNINA LEADER 05804nam 2200925Ia 450 001 9911008972603321 005 20251001185631.0 010 $a9781412991445 (ebook) :$dNo price 010 $a9781412991445 010 $a1412991447 010 $a9781452261874 010 $a1452261873 035 $a(CKB)2550000000112004 035 $a(EBL)3032425 035 $a(SSID)ssj0000675645 035 $a(PQKBManifestationID)12347141 035 $a(PQKBTitleCode)TC0000675645 035 $a(PQKBWorkID)10670319 035 $a(PQKB)11626345 035 $a(MiAaPQ)EBC3032425 035 $a(OCoLC)1007859265 035 $a(StDuBDS)EDZ0000018561 035 $a(PPN)227909194 035 $a10856 035 $a(MiAaPQ)EBC1995624 035 $a(Au-PeEL)EBL1995624 035 $a(OCoLC)958509214 035 $a(EXLCZ)992550000000112004 100 $a20000831d2001 uy 0 101 0 $aeng 135 $aur||||||||||| 181 $ctxt 182 $cc 183 $acr 200 00$aHandbook of program development for health behavior research & practice /$fSteve Sussman, editor 210 $aThousand Oaks, Calif $cSage Publications$dc2001 215 $a1 online resource (xix, 564 p.) $cill 300 $aDescription based upon print version of record. 311 08$aPrint version: 9780761916741 311 08$a9780761916741 311 08$a0761916741 311 08$a9780761916734 311 08$a0761916733 320 $aIncludes bibliographical references and indexes. 327 $a""Cover""; ""Contents""; ""Foreword""; ""Preface""; ""Acknowledgments""; ""Part I - Rationale for a Handbook of Program Development""; ""Chapter 1 - Rationale for Program Development Methods""; ""Why a Science of Health Behavior Program Development Is Important""; ""History of Behavioral Health and Program Development""; ""An Overview of Program Development""; ""Issues for Implementation""; ""General Discussion""; ""Commentary""; ""Chapter 2 - Case Study 1 Implementing Program Development in a State or Local Health Department: A Smoking Prevention Media Campaign Example"" 327 $a""Using the Chain Model""""Conclusions""; ""Chapter 3 - Identifying and Overcoming Barriers to Empirically Based Health Behavior Program Planning""; ""Health Promotion: Promise and Undocumented Performance""; ""Barriers to Empirically Based Health Behavior Program Development""; ""Overcoming Barriers to Empirical Program Development""; ""Conclusions""; ""Commentary 1""; ""Commentary 2""; ""Part II - The Connection Between Theory and Activity Pooling""; ""Chapter 4 - Praxis in Health Behavior Program Development""; ""Definitions""; ""Levels of Theory and Levels of Measurement"" 327 $a""How Does Theory Suggest Program Ideas?""""Why Do Applied Professionals Provide Only Lip Service to Theory?""; ""Why Is Theory Important for Health Behavior Program Development?""; ""Criteria for Theory Development or Selection""; ""Tying Theory Into Specific Health Areas: Linking Theory With Health Problems""; ""Tying Theory Into Specific Health Areas: Measures and Activities""; ""Discussion""; ""Commentary""; ""Chapter 5 - Case Study 2 Implicit Cognition Theory in Drug Use and Driving-Under-the-Influence Interventions"" 327 $a""Principles of Memory Association Applicable to Interventions and Their Evaluation""""A Specific Application of Theory in Booster Programming""; ""Summary and Implications""; ""Chapter 6 - Choosing Assessment Studies to Clarify Theory-Based Program Ideas""; ""Conceptual Issues: The Importance of Etiological Research""; ""Questions of Inquiry for Designing an Assessment Study""; ""The Dimensions of an Assessment Study""; ""Pooling Multiple Sources of Information""; ""Decision Criteria When Selecting Assessment Studies for Review""; ""Conclusions""; ""Commentary"" 327 $a""Chapter 7 - Pooling Information About Prior Interventions: A New Program Planning Tool""""Why Pooling Information About Interventions Is Important""; ""Planning Your Search for Other Interventions""; ""Sources of Information About Other Programs""; ""Conducting Your Search""; ""Reviewing Your Pool of Information About Other Programs""; ""Conclusions: Making Your Intervention Available to Others""; ""Commentary 1""; ""Commentary 2""; ""Chapter 8 - Case Study 3 The Program Archive on Sexuality, Health, and Adolescence (PASHA): A Study of Activity Warehousing""; ""Goals of the PASHA Project"" 327 $a""Conclusions"" 330 8 $aThis comprehensive guide to researching, developing and implementing health behaviour interventions is illustrated throughout with case studies. 606 $aHealth promotion 606 $aHealth behavior$xResearch 606 $aHealth education 606 $aHealth Promotion$xmethods$3(DNLM)D006293Q000379 606 $aHealth Promotion$xstandards$3(DNLM)D006293Q000592 606 $aEvaluation Studies as Topic$3(DNLM)D005069 606 $aHealth Behavior$3(DNLM)D015438 606 $aResearch Design$3(DNLM)D012107 606 $aHealth Education$3(DNLM)D006266 606 $aHealth Promotion$3(DNLM)D006293 615 0$aHealth promotion. 615 0$aHealth behavior$xResearch. 615 0$aHealth education. 615 12$aHealth Promotion$xmethods. 615 12$aHealth Promotion$xstandards. 615 22$aEvaluation Studies as Topic. 615 22$aHealth Behavior. 615 22$aResearch Design. 615 2$aHealth Education. 615 2$aHealth Promotion. 676 $a613 701 $aSussman$b Steven Yale$01827037 801 0$bMiAaPQ 801 1$bMiAaPQ 801 2$bMiAaPQ 906 $aBOOK 912 $a9911008972603321 996 $aHandbook of program development for health behavior research & practice$94395093 997 $aUNINA